Top 5 Artists Per Country - Statistics

General Stats
  • This quiz has been taken 43 times
    18 since last reset
  • The average score is 10 of 89
Answer Stats
Hint Answer % Correct
USA Taylor Swift | Ariana Grande | Kanye West | Bruno Mars | Eminem
71%
South Korea JENNIE | BTS | Jung Kook | Blackpink | NewJeans
65%
Canada The Weeknd | Drake | Justin Bieber | Tate McRae | Shawn Mendes
65%
Puerto Rico Bad Bunny | Daddy Yankee | Myke Towers | Rauw Alejandro | Ozuna
53%
UK Coldplay | Dua Lipa | Ed Sheeran | Calvin Harris | Harry Styles
47%
Barbados Rihanna
47%
Colombia Shakira | Karol G | J Balvin | Feid | Maluma
47%
Norway Kygo | Alan Walker | a-ha | girl in red | AURORA
41%
Sweden Avicii | ABBA | Zara Larsson | Swedish House Mafia | Galantis
35%
France David Guetta | DJ Snake | Daft Punk | Ofenbach | Gesaffelstein
35%
Spain Quevedo | Enrique Iglesias | ROSALÍA | Rels B | Morad
35%
Denmark Lukas Graham | Aqua | Martin Jensen | Volbeat | MØ
29%
Jamaica Sean Paul | Bob Marley | Shaggy | Masego | OMI
29%
Argentina Bizarrap | Nicki Nicole | Maria Becerra | Duki | Tiago PZK
24%
Ireland Hozier | The Cranberries | U2 | Niall Horan | The Script
24%
Iceland Laufey | KALEO | Of Monsters And Men | Ólafur Arnalds | Björk
24%
Belgium Lost Frequencies | Dimitri Vegas & Like Mike | Stromae | Angèle | Hamza
24%
Italy Måneskin | MEDUZA | Gabry Ponte | Gigi D'Agostino | Ludovico Einaudi
24%
Mexico Peso Pluma | Carin Leon | Junior H | Christian Nodal | Natanael Cano
24%
Nigeria Rema | Burna Boy | Tems | Ayra Starr | Wizkid
24%
Australia Sia | ACDC | The Kid LAROI | Troye Sivan | Tame Impala
24%
Brazil Anitta | Alok | Mc Gw | Ludmilla | Mc Ryan SP
18%
Thailand Lisa | Musketeers | TEN | F.HERO | PiXXiE
18%
Trinidad Nicki Minaj
18%
Mongolia The HU
18%
Netherlands Tiësto | Martin Garrix | R3HAB | Afrojack | W&W
18%
Chile Cris Mj | Jere Klein | Mon Laferte | El Jordan 23 | Standly
12%
Finland Darude | Nightwish | The Rasmus | Käärijä | HIM
12%
DR El Alfa | Natti Natasha | Juan Luis Guerra 4.40 | Tokischa | Amenazzy
12%
New Zealand Lorde | salvia palth | benee | Unknown Mortal Orchestra
12%
Algeria Soolking | Khaled | Zaho | Tif
12%
Austria Wolfgang Mozart | RAF Camora | Franz Schubert | Herbert von Karajan | Falco
12%
Croatia 2CELLOS
6%
India Arijit Singh | Pritam | Shreya Ghoshal | A.R. Rahman | Vishal-Shekhar
6%
Israel Dennis Lloyd | Amir | Omer Adam | Netta | Static & Ben El
6%
Morocco ElGrandeToto | Saad Lamjarred | kouz1 | Draganov |Stormy
6%
Hungary Franz Liszt | Azahriah
6%
Poland Frédéric Chopin | Kizo | Bedoes | Dawid Podsiadło | sanah
6%
Cuba Gente De Zona | Ovi | Buena Vista Social Club | Silvio Rodríguez
6%
Romania INNA | Alexandra Stan | Aarne
6%
Taiwan Jay Chou | Eric Chou | Mayday | Jolin Tsai | 告五人
6%
Japan Joji | Creepy Nuts | YOASOBI | Fujii Kaze | RADWIMPS
6%
Germany Kim Petras | Robin Schulz | Felix Jaehn | Zedd | Topic
6%
China Lang Lang | LAY | G.E.M. | 任然 | Ronghao Li
6%
Guatemala Ricardo Arjona | Miel San Marcos | Julio Melgar
6%
Panama Sech | Miguel Bosé | Boza | Joey Montana
6%
Estonia Tommy Cash
6%
South Africa Tyla | Seether | Master KG | Black Coffee | DJ Maphorisa
6%
Ukraine ANNA ASTI | Kalush | Valentin Strykalo | Verka Serduchka | Artik & Asti
0%
Syria Assala Nasri
0%
Pakistan Atif Aslam | Rahat Fateh Ali Khan | Shafqat Amanat Ali | Nusrat Fateh Ali Khan | Mustafa Zahid
0%
Kenya Bien
0%
Ghana Black Sherif
0%
Czechia Calin | Viktor Sheen
0%
Costa Rica Danilo Montero
0%
Tanzania Diamond Platnumz
0%
Switzerland DJ Antoine | Loredana | Eluveitie
0%
Lithuania Dynoro
0%
Palestine Elyanna
0%
Philippines Eyedress | Zack Tabudlo | Arthur Nery | Hev Abi | Ben&Ben
0%
DRC Fally Ipupa
0%
Peru Gian Marco | Grupo 5 | Pedro Suárez-Vértiz | Armonia 10
0%
Saudi Arabia Hesham Abdul Wahab
0%
UAE Hussain Al Jassmi
0%
Kazakhstan Imanbek | Scriptonite | Jah Khalib
0%
Jordan Issam Alnajjar
0%
Hong Kong Jackson Wang | Eason Chan | Jacky Cheung | Karen Mok | Beyond
0%
B&H Jala Brat | Buba Corelli | Goran Bregović
0%
Singapore JJ Lin | Stefanie Sun | Tanya Chua
0%
Azerbaijan JONY | Rauf & Faik | HammAli & Navai
0%
Ecuador Julio Jaramillo
0%
Nicaragua Luis Enrique
0%
Malaysia Malaysia Vasudevan | Masdo | Dato' Sri Siti Nurhaliza | Noh Salleh | Fish Leong
0%
Belarus Molchat Doma | Max Korzh
0%
Lebanon Nancy Ajram | Elissa | Fairuz | Myriam Fares | Haifa Wehbe
0%
Indonesia NIKI | Jeet Gannguli | Tulus | Lyodra | Tiara Andini
0%
Uruguay No Te Va Gustar | El Cuarteto De Nos | Jorge Drexler | La Vela Puerca
0%
Moldova O-Zone
0%
Guam Pia Mia
0%
Russia Pyotr Ilyich Tchaikovsky | t.A.T.u | MiyaGi & Endspiel | Miyagi & Andy Panda | IC3PEAK
0%
Serbia Rasta | Devito
0%
Albania Regard
0%
Armenia Rosa Linn
0%
Turkey Semicenk | Sezen Aksu | Lvbel C5 | UZI | Mabel Matiz
0%
Slovenia Senidah
0%
Egypt Sherine | Amr Diab | Mohamed Ramadan | Ahmed Saad | Tamer Hosny
0%
Portugal Slow J | Plutónio
0%
Eswatini Uncle Waffles
0%
Greece Vangelis | TOQUEL | Eleni Foureira | Snik | Demis Roussos
0%
No matching quizzes found
Score Distribution
Percent of People with Each Score
Percentile by Number Answered
Your Score History
You have not taken this quiz since the last reset